Systems Engineering : (Record no. 7249)

MARC details
000 -LEADER
fixed length control field 02159cam a2200325 a 4500
001 - CONTROL NUMBER
control field 16470346
003 - CONTROL NUMBER IDENTIFIER
control field OSt
005 - DATE AND TIME OF LATEST TRANSACTION
control field 20231013134604.0
008 - FIXED-LENGTH DATA ELEMENTS--GENERAL INFORMATION
fixed length control field 100922s2011 njua 000 0 eng
010 ## - LIBRARY OF CONGRESS CONTROL NUMBER
LC control number 2010036856
020 ## - INTERNATIONAL STANDARD BOOK NUMBER
International Standard Book Number 9780470405482 (hardback)
040 ## - CATALOGING SOURCE
Original cataloging agency DLC
Transcribing agency DDC
Modifying agency DLC
042 ## - AUTHENTICATION CODE
Authentication code pcc
050 00 - LIBRARY OF CONGRESS CALL NUMBER
Classification number TA168
Item number .K68 2011
082 00 - DEWEY DECIMAL CLASSIFICATION NUMBER
Classification number 620 SYS 2011
084 ## - OTHER CLASSIFICATION NUMBER
Classification number TEC008000
Number source bisacsh
100 ## - MAIN ENTRY--PERSONAL NAME
Personal name Edited by Kossiakoff,Alexander;[et..a.al]
9 (RLIN) 14887
245 10 - TITLE STATEMENT
Title Systems Engineering :
Remainder of title principles and practice
250 ## - EDITION STATEMENT
Edition statement 2nd ed.
260 ## - PUBLICATION, DISTRIBUTION, ETC. (IMPRINT)
Place of publication, distribution, etc. Hoboken, N.J. :
Name of publisher, distributor, etc. Wiley-Interscience,
Date of publication, distribution, etc. c2011.
300 ## - PHYSICAL DESCRIPTION
Extent xxv,528p.
Other physical details ill. ;
Dimensions 25cm.
490 0# - SERIES STATEMENT
Series statement Wiley series in systems engineering and management ;
Volume/sequential designation 67
500 ## - GENERAL NOTE
General note Rev. ed. of: Systems engineering : principles and practices / Alexander Kossiakoff, William N. Sweet. 2003.
504 ## - BIBLIOGRAPHY, ETC. NOTE
Bibliography, etc Includes; references and index.
520 ## - SUMMARY, ETC.
Summary, etc. "Systems Engineering Principles and Practice is a national standard textbook for the study of traditional systems engineering for advanced undergraduate and graduate students. It addresses the need for an introductory overview, first-text for the development and acquisition of complex technical systems. The material is well organized, readable and fundamental to learning how to think like a systems engineer and carry out best practices in the field. Since systems engineering is still developing as a discipline, there have been new concepts and practices that have entered the field since the text was published in 2003. As an increasing number of students have used the text, topics have been discovered that would benefit from expansion, integration and clarification. The proposed second edition will be developed by colleagues of the original authors to upgrade this unique interdisciplinary guide to systems engineering to maintain relevance and currency in this rapidly changing and demanding field"--
Assigning source Provided by publisher.
650 #0 - SUBJECT ADDED ENTRY--TOPICAL TERM
Topical term or geographic name as entry element Engineering
9 (RLIN) 809
906 ## - LOCAL DATA ELEMENT F, LDF (RLIN)
a 7
b cbc
c orignew
d 1
e ecip
f 20
g y-gencatlg
942 ## - ADDED ENTRY ELEMENTS (KOHA)
Source of classification or shelving scheme Dewey Decimal Classification
Koha item type Open Shelf
Holdings
Withdrawn status Lost status Source of classification or shelving scheme Damaged status Not for loan Home library Current library Date acquired Source of acquisition Inventory number Total Checkouts Full call number Barcode Date last seen Koha item type
    Dewey Decimal Classification     Main Kihumuro Campus Main Kihumuro Campus 21/09/2021 Purchase 13/37164   620 SYS 2011 2021-1190 21/09/2021 Open Shelf